Cuba: la revolución de la esperanza (palabras para un aniversario) /
Salvato in:
| Autore principale: | |
|---|---|
| Natura: | testo |
| Tags: |
Aggiungi Tag
Nessun Tag, puoi essere il primo ad aggiungerne!!
|
MARC
| LEADER | 00000 a a2200000 04500 | ||
|---|---|---|---|
| 001 | 41307 | ||
| 003 | |||
| 040 | |||
| 100 | |a González Casanova, Pablo | ||
| 245 | |a Cuba: |b la revolución de la esperanza (palabras para un aniversario) / |c Pablo González Casanueva | ||
| 773 | |g número254 ( , 2009), páginas 69-77 | ||
| 999 | |c 36247 |d 36247 | ||
